<?xml version="1.0" encoding="UTF-8"?>
<record
    xmlns:xsi="http://www.w3.org/2001/XMLSchema-instance"
    xsi:schemaLocation="http://www.loc.gov/MARC21/slim http://www.loc.gov/standards/marcxml/schema/MARC21slim.xsd"
    xmlns="http://www.loc.gov/MARC21/slim">

  <leader>00542nam a22001697a 4500</leader>
  <controlfield tag="003">OSt</controlfield>
  <controlfield tag="005">20250822024128.0</controlfield>
  <controlfield tag="008">250822b        |||||||| |||| 00| 0 eng d</controlfield>
  <datafield tag="020" ind1=" " ind2=" ">
    <subfield code="a">971-554-069-4</subfield>
  </datafield>
  <datafield tag="040" ind1=" " ind2=" ">
    <subfield code="c">OC</subfield>
  </datafield>
  <datafield tag="082" ind1=" " ind2=" ">
    <subfield code="a">Fil. 330.9599 V714g 1998</subfield>
  </datafield>
  <datafield tag="100" ind1=" " ind2=" ">
    <subfield code="a">Villegas, B.</subfield>
  </datafield>
  <datafield tag="245" ind1=" " ind2=" ">
    <subfield code="a">Guide to economics for Filipinos</subfield>
  </datafield>
  <datafield tag="260" ind1=" " ind2=" ">
    <subfield code="a">Manila : </subfield>
    <subfield code="b">Siang-tala Publishers, Inc., </subfield>
    <subfield code="c">c1998</subfield>
  </datafield>
  <datafield tag="300" ind1=" " ind2=" ">
    <subfield code="a">vii, 679 pages ; </subfield>
    <subfield code="c"> 22 cm.</subfield>
  </datafield>
  <datafield tag="942" ind1=" " ind2=" ">
    <subfield code="2">ddc</subfield>
    <subfield code="c">BK - FIL</subfield>
    <subfield code="e">5th edition</subfield>
    <subfield code="h">Fil. 330.9599 V714g 1998</subfield>
    <subfield code="k">Fil.</subfield>
    <subfield code="n">0</subfield>
  </datafield>
  <datafield tag="952" ind1=" " ind2=" ">
    <subfield code="0">0</subfield>
    <subfield code="1">0</subfield>
    <subfield code="2">ddc</subfield>
    <subfield code="4">0</subfield>
    <subfield code="7">0</subfield>
    <subfield code="a">DWCLCOL</subfield>
    <subfield code="b">DWCLCOL</subfield>
    <subfield code="c">Fil</subfield>
    <subfield code="d">2004-08-30</subfield>
    <subfield code="e">School Fund</subfield>
    <subfield code="l">0</subfield>
    <subfield code="o">Fil. 330.9599 V714g 1998</subfield>
    <subfield code="p">CL41040</subfield>
    <subfield code="r">2025-08-22</subfield>
    <subfield code="t">c1</subfield>
    <subfield code="w">2025-08-22</subfield>
    <subfield code="y">BK - FIL</subfield>
    <subfield code="0"></subfield>
    <subfield code="@"></subfield>
    <subfield code="u"></subfield>
  </datafield>
  <datafield tag="999" ind1=" " ind2=" ">
    <subfield code="c">4152</subfield>
    <subfield code="d">4152</subfield>
  </datafield>
</record>
